书目信息 |
| 题名: |
湿地生态工程
|
|
| 作者: | 安树青 主编 | |
| 分册: | ||
| 出版信息: | 北京 化学工业出版社 2003 |
|
| 页数: | 528页 | |
| 开本: | 20cm | |
| 丛书名: | 生态·环境与生态工程丛书 | |
| 单 册: | ||
| 中图分类: | P941.78 | |
| 科图分类: | ||
| 主题词: | 沼泽化地--资源利用 , 沼泽化地--资源保护 , CT--S093754--沼泽化地 , CT--S098559--资源利用 , CT--S098539--资源保护 | |
| 电子资源: | ||
| ISBN: | 7-5025-4172-1 | |
| 000 | 01335oam2 2200325 450 | |
| 001 | 002216031 | |
| 005 | 20070805110138.20 | |
| 010 | @a7-5025-4172-1@dCNY40.00 | |
| 035 | @a002216031 | |
| 100 | @a20021224e20042003em y0chiy0110 ea | |
| 101 | 0 | @achi |
| 102 | @aCN@b110000 | |
| 105 | @ay z 000yy | |
| 106 | @ar | |
| 200 | 1 | @a湿地生态工程@Ashi di sheng tai gong cheng@e湿地资源利用与保护的优化模式@Eshi di zi yuan li yong yu bao hu de you hua mo shi@f安树青主编@Fan shu qing zhu bian |
| 210 | @a北京@c化学工业出版社@d2003@h2004重印 | |
| 215 | @a528页@d20cm | |
| 225 | 2 | @a生态·环境与生态工程丛书@Asheng tai· huan jing yu sheng tai gong cheng cong shu |
| 330 | @a本书内容共分十一章,介绍了湿地的定义、内涵、类型、分布湿地生态系统的特点;综合描述湿地生态经济价值、分类效益和功能;从生态旅游、种植养殖、污染净化和复合利用等方面推介湿地资源的典型利用模式等内容。 | |
| 461 | 0 | @1001012002045114@12001 @a生态·环境与生态工程丛书 |
| 517 | 1 | @a湿地资源利用与保护的优化模式@Ashi di zi yuan li yong yu bao hu de you hua mo shi |
| 606 | 0 | @a沼泽化地@x资源利用 |
| 606 | 0 | @a沼泽化地@x资源保护 |
| 606 | 0 | @2CT@3S093754@a沼泽化地 |
| 606 | 0 | @2CT@3S098559@a资源利用 |
| 606 | 0 | @2CT@3S098539@a资源保护 |
| 690 | @aP941.78@v4 | |
| 701 | 0 | @a安树青@Aan shu qing@4主编 |
| 801 | 0 | @aCN@bNLC@c20070805 |
| 905 | @dP941.78@e117 | |
| 湿地生态工程:湿地资源利用与保护的优化模式/安树青主编.-北京:化学工业出版社,2003(2004重印) |
| 528页;20cm.-(生态·环境与生态工程丛书) |
| ISBN 7-5025-4172-1:CNY40.00 |
| 本书内容共分十一章,介绍了湿地的定义、内涵、类型、分布湿地生态系统的特点;综合描述湿地生态经济价值、分类效益和功能;从生态旅游、种植养殖、污染净化和复合利用等方面推介湿地资源的典型利用模式等内容。 |
| ● |
| 相关链接 |
|
|
|
|
正题名:湿地生态工程
索取号:P941.78/117
 
预约/预借
| 序号 | 登录号 | 条形码 | 馆藏地/架位号 | 状态 | 备注 |
| 1 | 0850842 | 208508426 | 第二样本阅览室/ [索取号:P941.78/117] | 在馆 | |
| 2 | 0850843 | 208508435 | 第三借阅区/ [索取号:P941.78/117] | 在馆 | |
| 3 | 0850844 | 208508444 | 第三借阅区/ [索取号:P941.78/117] | 在馆 | |
| 4 | 0850845 | 208508453 | 第三借阅区/ [索取号:P941.78/117] | 在馆 |